| 000 | 00984cab a2200193 4500 | ||
|---|---|---|---|
| 001 | ##L135714 | ||
| 008 | 061128n2006 000 0 eng u | ||
| 035 | _a(Sirsi) u135714 | ||
| 041 | 0 | _aeng | |
| 100 | 1 | _aMcCormick, Helen | |
| 245 | 0 | 0 | _aBalfour's hat-trick at the top |
| 260 | _c2006 | ||
| 490 | 0 |
_aContract Journal _v436(6602) 22 November 2006, 22-23(2) |
|
| 520 | _aBalfour Beatty stayed at the top of the new work winners monthly league tables for October 2006 and for the past 12 months. In October's table, Carillion climbed to second place and Kier moved up to third. The civils sector achieved the greatest activity in October 2006 gaining £653m of the £2 302m total, compared to £203m in September. The commercial and public sectors were also upbeat. Includes tables giving breakdown of work by geographical region and sector for the last 12 months. | ||
| 590 | _aKA | ||
| 651 | 4 | _aGREAT BRITAIN | |
| 690 | _aBUILT ENVIRONMENT-CONSTRUCTION MARKET | ||
| 942 | _n0 | ||
| 999 |
_c77975 _d77975 |
||